Chapman Library

Introduction to communication theory (Record no. 293)

000 -LEADER
fixed length control field 00463nam a22001457a 4500
020 ## - INTERNATIONAL STANDARD BOOK NUMBER
ISBN 0767405226
050 ## - LIBRARY OF CONGRESS CALL NUMBER
Classification number Q 360 wes
100 ## - MAIN ENTRY--AUTHOR NAME
Personal name WEST, Richard
245 ## - TITLE STATEMENT
Title Introduction to communication theory
260 ## - PUBLICATION, DISTRIBUTION, ETC. (IMPRINT)
Place of publication Mountain View : CA
Name of publisher Mayfield Publishing Company
Year of publication 2000
300 ## - PHYSICAL DESCRIPTION
Number of Pages 478p.i luus icludes bibliographical refernces and index
Other physical details xviii
700 ## - ADDED ENTRY--PERSONAL NAME
Personal name TWER, Lynn H
942 ## - ADDED ENTRY ELEMENTS (KOHA)
Koha item type Books
988 ## - PAGINATION/EXTENT
PAGINATION/EXTENT xxviii,478p.i luus icludes bibliographical refernces and index
Holdings
Koha item type Collection code Shelving location Accession Number Permanent Location Current Location Date acquired Full call number
BooksReferenceReference0355Chapman LibraryChapman Library2016-02-16Q 360 wes
BooksReferenceReference0356Chapman LibraryChapman Library2016-02-16Q 360 wes


CSUC Chapman Library is a Koha Automated Library.


Contact us: library@csuc.edu.gh.